[Event "ICS rated blitz match"]
[Site "204.178.125.65"]
[Date "2000.03.27"]
[Round "?"]
[White "QueenMaxima"]
[Black "Hossa"]
[Result "1-0"]
[WhiteElo "2458"]
[BlackElo "2569"]
[PlyCount "100"]

1. e4 e5 2. Nf3 Nc6 3. Bb5 a6 4. Ba4 Nf6 5. O-O Be7 6. Re1 b5 7. Bb3 O-O 8. c3
d5 9. exd5 Nxd5 10. Nxe5 Nxe5 11. Rxe5 c6 12. d4 Bd6 13. Re1 Qh4 14. g3 Qh3 15.
Be3 Bg4 16. Qd3 Rae8 17. Nd2 Re6 18. a4 f5 19. Qf1 Qh5 20. f4 bxa4 21. Rxa4
Rfe8 22. Rxa6 Kh8 23. Bxd5 cxd5 24. Qb5 Rh6 25. Nf1 Bf3 26. Qd7 Rf8 27. b4 Qh3
28. Ra2 Bb8 29. b5 Rd6 30. Qe7 Rdf6 31. Bc1 Bd6 32. Qd7 Be4 33. Be3 Ba3 34. Qb7
Bd6 35. Rea1 R6f7 36. Qc6 Bb8 37. Qc5 Re8 38. Rd1 Rc7 39. Qb4 Bf3 40. Rda1 Ra7
41. Qb2 Rc7 42. Ra3 Kg8 43. R1a2 Rec8 44. Ra8 Rb7 45. Bc1 Rb6 46. Ne3 Rc7 47.
R2a6 Rcb7 48. Rxb6 Rxb6 49. Qa3 Rxb5 50. Qa6 Kf7 1-0

[Event "ICS rated blitz match"]
[Site "204.178.125.65"]
[Date "2000.03.27"]
[Round "?"]
[White "Hossa"]
[Black "QueenMaxima"]
[Result "1/2-1/2"]
[WhiteElo "2548"]
[BlackElo "2479"]
[PlyCount "207"]

1. e4 e5 2. Nf3 Nc6 3. Nc3 Nf6 4. Nxe5 Nxe5 5. d4 Ng6 6. e5 Ng8 7. Bc4 Bb4 8.
Qf3 Bxc3+ 9. bxc3 Qe7 10. O-O f6 11. exf6 Nxf6 12. Bg5 Qd6 13. Rfe1+ Kd8 14.
Bf7 a5 15. Rab1 Ra6 16. Qh5 Ne7 17. Qe2 Rb6 18. Rxb6 cxb6 19. a4 Nc6 20. d5 Ne7
21. c4 Qb4 22. c3 Qd6 23. Bh5 Rg8 24. Qd2 Nf5 25. Bg4 g6 26. Bxf5 gxf5 27. Qe3
Rg7 28. Bf4 Qc5 29. Be5 Qxe3 30. Bxf6+ Kc7 31. Rxe3 Rg4 32. f4 h6 33. Re8 d6
34. g3 Bd7 35. Rf8 Bxa4 36. Bd8+ Kd7 37. Bxb6 Bb3 38. Bxa5 Ke7 39. Rc8 Rg6 40.
Bb6 h5 41. Kf2 h4 42. gxh4 Rg4 43. Rc7+ Ke8 44. Be3 Rxh4 45. Kg2 Rg4+ 46. Kf3
Rh4 47. Kg3 Rg4+ 48. Kh3 Ba2 49. Rc8+ Ke7 50. Bd4 Rxf4 51. Rc7+ Kd8 52. Bb6
Rf3+ 53. Kh4 Rxc3 54. Kg5 Rb3 55. Rxb7+ Kc8 56. Rc7+ Kb8 57. Rc6 Kb7 58. Bd8
Rh3 59. Be7 Rxh2 60. Bxd6 Rc2 61. Rc7+ Ka6 62. c5 Bxd5 63. Kxf5 Kb5 64. Rc8
Rf2+ 65. Ke5 Kc4 66. Be7 Re2+ 67. Kd6 Re6+ 68. Kd7 Re2 69. Rc7 Be6+ 70. Ke8 Ra2
71. Bd6 Ra1 72. Ke7 Kd5 73. Rb7 Rf1 74. Kd8 Bh3 75. Rb3 Bf5 76. Re3 Be4 77. Re2
Kd4 78. Kd7 Kd3 79. Ra2 Rg1 80. Be5 Rg5 81. Ra3+ Kc4 82. Ra4+ Kd5 83. Bf6 Bf5+
84. Ke7 Rg2 85. Ra3 Rc2 86. Bc3 Be4 87. Kf7 Kxc5 88. Ke7 Bc6 89. Bd2 Rxd2 90.
Rc3+ Kd5 91. Kf6 Rf2+ 92. Kg6 Kd6 93. Rd3+ Bd5 94. Re3 Rf1 95. Kh6 Be6 96. Rd3+
Ke7 97. Kg5 Rf5+ 98. Kh4 Rf2 99. Kg3 Ra2 100. Kf4 Ra1 101. Ke4 Bf7 102. Kf4
Rf1+ 103. Rf3 Rxf3+ 104. Kxf3 1/2-1/2

[Event "ICS rated blitz match"]
[Site "204.178.125.65"]
[Date "2000.03.27"]
[Round "?"]
[White "Hossa"]
[Black "PostModernist"]
[Result "0-1"]
[WhiteElo "2537"]
[BlackElo "2622"]
[PlyCount "138"]

1. e4 c6 2. d4 d5 3. exd5 cxd5 4. Bd3 Nc6 5. c3 Nf6 6. Bf4 Bg4 7. Qb3 Na5 8.
Qa4+ Bd7 9. Qc2 Rc8 10. Nf3 g6 11. Ne5 Bg7 12. Nd2 O-O 13. O-O Nc6 14. Nxd7
Qxd7 15. Qd1 Nh5 16. Bg5 Qd6 17. Bb5 a6 18. Bxc6 Rxc6 19. Re1 Rc7 20. g3 f6 21.
Be3 f5 22. Bg5 h6 23. Bh4 b5 24. Nb3 Re8 25. a4 b4 26. cxb4 Qxb4 27. Re6 Rb7
28. Nc5 Rb6 29. Nxa6 Qxb2 30. Nc7 Rxe6 31. Nxe6 Qb6 32. Nxg7 Nxg7 33. a5 Qe6
34. Rb1 g5 35. Rb6 Qc8 36. Rxh6 gxh4 37. gxh4 Qc4 38. Qa1 Qe2 39. Qc3 Ra8 40.
h3 Qb5 41. a6 e6 42. Rg6 Qxa6 43. h5 Qa1+ 44. Qxa1 Rxa1+ 45. Kh2 Kh7 46. Rf6
Re1 47. Rf7 Re4 48. Re7 Rxd4 49. Rd7 Rc4 50. Kg2 Kh6 51. Rd6 d4 52. Kf3 Nxh5
53. Rxe6+ Kg5 54. Rd6 Rc3+ 55. Ke2 Nf4+ 56. Ke1 Rc1+ 57. Kd2 Rc4 58. Rd8 Nxh3
59. Rg8+ Kf4 60. Kd3 Ra4 61. Ke2 Ra3 62. Kf1 Ra2 63. Rd8 Nxf2 64. Rb8 d3 65.
Rb4+ Kg3 66. Rb1 Ng4 67. Kg1 Rg2+ 68. Kf1 Ne3+ 69. Ke1 d2# 0-1

[Event "ICS rated blitz match"]
[Site "204.178.125.65"]
[Date "2000.03.27"]
[Round "?"]
[White "Beadle"]
[Black "Hossa"]
[Result "1-0"]
[WhiteElo "2530"]
[BlackElo "2525"]
[PlyCount "127"]

1. e4 e5 2. Nf3 Nc6 3. Bb5 a6 4. Ba4 Nf6 5. O-O Be7 6. Re1 b5 7. Bb3 d6 8. c3
O-O 9. h3 Na5 10. Bc2 c5 11. d4 Qc7 12. Nbd2 Nc6 13. a3 cxd4 14. cxd4 exd4 15.
Nb3 Be6 16. Nbxd4 Nxd4 17. Nxd4 Rfc8 18. Bf4 Nd7 19. Bb3 Bxb3 20. Qxb3 Ne5 21.
Nf5 Re8 22. Qd5 Bf8 23. Rac1 Qb6 24. Red1 Qb8 25. Be3 Nc4 26. Bd4 Re6 27. Rd3
g6 28. Rg3 Qe8 29. b3 Nxa3 30. Bb2 b4 31. Qd4 f6 32. Qxb4 d5 33. Qb7 Rb8 34.
Qxd5 Rb5 35. Qd2 Rxe4 36. Nh6+ Bxh6 37. Qxh6 Nb1 38. Rxb1 Re1+ 39. Rxe1 Qxe1+
40. Kh2 Qe7 41. Qf4 Kf7 42. Rf3 Rb6 43. Rc3 g5 44. Qf3 Qd6+ 45. Kh1 Kg6 46. h4
Rb4 47. hxg5 Rf4 48. Rc6 Rxf3 49. Rxd6 Rxf2 50. Rxf6+ Rxf6 51. gxf6 Kf7 52. g4
h6 53. Kg2 Kg8 54. Kg3 Kf7 55. Kh4 Ke6 56. Kh5 Kd6 57. f7 Ke7 58. Kg6 Ke6 59.
f8=Q a5 60. Qc8+ Kd5 61. Kf5 a4 62. Qd7+ Kc5 63. Bd4+ Kb4 64. Qxa4# 1-0

[Event "ICS rated bullet match"]
[Site "204.178.125.65"]
[Date "2000.03.27"]
[Round "?"]
[White "KyFats"]
[Black "Hossa"]
[Result "1-0"]
[WhiteElo "2245"]
[BlackElo "2496"]
[PlyCount "117"]

1. e4 e5 2. Nf3 Nc6 3. Bb5 a6 4. Ba4 Nf6 5. O-O Be7 6. Re1 b5 7. Bb3 d6 8. c3
O-O 9. h3 Bb7 10. d4 Re8 11. Nbd2 Bf8 12. a3 h6 13. Bc2 Nb8 14. b4 Nbd7 15. Bb2
g6 16. c4 exd4 17. cxb5 axb5 18. Nxd4 c6 19. a4 bxa4 20. Bxa4 Ra6 21. Qc2 Qc8
22. Rec1 d5 23. Nxc6 Nxe4 24. b5 Ra8 25. Nxe4 Rxe4 26. Bb3 Rxa1 27. Rxa1 Qe8
28. Bxd5 Bxc6 29. Qc3 Qe5 30. bxc6 Qxc3 31. Bxc3 Re7 32. cxd7 Rxd7 33. Rd1 Bg7
34. Bb4 Bf8 35. Ba5 h5 36. g4 Bd6 37. Kg2 Be5 38. gxh5 gxh5 39. Rd3 Ra7 40. Bd2
Ra6 41. f4 Rg6+ 42. Kf3 Bf6 43. Be4 Rg1 44. Rd7 h4 45. Bd5 Rg7 46. Ke4 Rh7 47.
Kf5 Ba1 48. Kg5 Bb2 49. Bb4 Rg7+ 50. Kxh4 Bf6+ 51. Kh5 Rh7+ 52. Kg4 Rh4+ 53.
Kf5 Bb2 54. Bxf7+ Kh8 55. Kg6 Rh6+ 56. Kxh6 Bg7+ 57. Kg6 Bf6 58. Bc3 Bxc3 59.
Rd8# 1-0

[Event "ICS rated blitz match"]
[Site "204.178.125.65"]
[Date "2000.03.27"]
[Round "?"]
[White "Hossa"]
[Black "Beadle"]
[Result "0-1"]
[WhiteElo "2509"]
[BlackElo "2546"]
[PlyCount "78"]

1. e4 c5 2. Nf3 d6 3. d4 cxd4 4. Nxd4 Nf6 5. Nc3 a6 6. Bg5 e6 7. f4 Qb6 8. Qd2
Qxb2 9. Rb1 Qa3 10. f5 Nc6 11. fxe6 fxe6 12. Nxc6 bxc6 13. e5 dxe5 14. Bxf6
gxf6 15. Ne4 Qxa2 16. Rd1 Be7 17. Be2 O-O 18. O-O Qa4 19. Qd3 Ra7 20. Qe3 Rd7
21. Rxd7 Bxd7 22. Qg3+ Kh8 23. Qd3 Be8 24. Nf2 a5 25. Qh3 Bc5 26. Qxe6 Qxc2 27.
Ba6 Bg6 28. g4 e4 29. Kg2 e3 30. Qxc6 exf2 31. Kf3 f5 32. Kg2 fxg4 33. Qe6 Be4+
34. Kg3 Qc3+ 35. Bd3 Qxd3+ 36. Kxg4 Bf5+ 37. Kg5 Bxe6 38. Rxf2 Qg6+ 39. Kh4
Bxf2# 0-1

[Event "ICS rated blitz match"]
[Site "204.178.125.65"]
[Date "2000.03.27"]
[Round "?"]
[White "Tinker"]
[Black "Hossa"]
[Result "1-0"]
[WhiteElo "2398"]
[BlackElo "2495"]
[PlyCount "159"]

1. e4 e5 2. Nf3 Nc6 3. Bc4 Nf6 4. Nc3 Nxe4 5. Nxe4 d5 6. Bd3 dxe4 7. Bxe4 Bd6
8. c3 Ne7 9. d4 f5 10. Bc2 e4 11. Ne5 Bxe5 12. dxe5 Ng6 13. Qxd8+ Kxd8 14. Bg5+
Ke8 15. O-O Nxe5 16. Bf4 Nc4 17. Bxc7 Nxb2 18. Bb3 Nd3 19. Rfd1 Rf8 20. Rab1
Kd7 21. Be5 Ke7 22. Bxg7 Rd8 23. Bc4 b6 24. Bd4 Be6 25. Bxd3 exd3 26. Rxd3 Bxa2
27. Re1+ Kf7 28. Rh3 Kg8 29. Re5 Rd5 30. Rg3+ Kf8 31. Re1 Bc4 32. Bg7+ Kf7 33.
Bd4 Kf8 34. Kh1 Rd7 35. Rg5 Bd3 36. Re6 Re8 37. Rg8+ Kxg8 38. Rxe8+ Kf7 39. Re3
Bc4 40. Rh3 Ke6 41. Re3+ Kd6 42. Re5 Rf7 43. Re8 Kc7 44. Be5+ Kc6 45. Rc8+ Kb5
46. Bd4 Re7 47. h3 f4 48. Rf8 Rf7 49. Rxf7 Bxf7 50. Be5 Kc4 51. Bxf4 a5 52. Bd6
a4 53. Kg1 Be8 54. f4 Kb3 55. Kf2 a3 56. Bxa3 Kxa3 57. Ke3 Bc6 58. g4 Kb3 59.
Kd4 Bb5 60. f5 Bc6 61. h4 Be8 62. h5 Bd7 63. Ke5 Bb5 64. g5 Bc4 65. g6 hxg6 66.
h6 gxf5 67. h7 Kxc3 68. h8=Q Bd3 69. Kd5+ Kb3 70. Kd4 Be4 71. Qb8 Kc2 72. Qxb6
Kd2 73. Qb2+ Bc2 74. Qc3+ Kd1 75. Qf3+ Kc1 76. Kc3 Bd1 77. Qf4+ Kb1 78. Qb4+
Bb3 79. Qxb3+ Kc1 80. Qc2# 1-0

[Event "ICS rated bullet match"]
[Site "204.178.125.65"]
[Date "2000.03.27"]
[Round "?"]
[White "Hossa"]
[Black "Tinker"]
[Result "0-1"]
[WhiteElo "2470"]
[BlackElo "2338"]
[PlyCount "106"]

1. e4 e5 2. Nf3 Nc6 3. Nc3 Nf6 4. Nxe5 Nxe5 5. d4 Nc6 6. d5 Ne5 7. f4 Ng6 8. e5
Qe7 9. Qe2 Nxd5 10. Nxd5 Qh4+ 11. g3 Qd8 12. f5 Ne7 13. Bg5 c6 14. Nxe7 Bxe7
15. f6 Qa5+ 16. Bd2 Bb4 17. Bxb4 Qxb4+ 18. c3 Qa5 19. fxg7 Rg8 20. Bg2 Rxg7 21.
O-O Qc5+ 22. Kh1 Qe7 23. Qe4 Rg6 24. Rad1 c5 25. Bh3 h6 26. Qd5 Rb6 27. Rf2 Rg6
28. Rf6 Rxf6 29. exf6 Qxf6 30. Bxd7+ Bxd7 31. Qxd7+ Kf8 32. Qxb7 Re8 33. Ra1
Qf2 34. Rb1 Re2 35. Qc8+ Kg7 36. Qg4+ Kh7 37. Qxe2 Qxe2 38. Rg1 Qxb2 39. Rf1
Qxa2 40. Kg1 a5 41. Rf5 a4 42. Rxc5 a3 43. Ra5 Qb2 44. Rf5 Kg6 45. Rf1 a2 46.
g4 a1=Q 47. Rxa1 Qxa1+ 48. Kf2 Qxc3 49. Kg2 Kg5 50. Kf2 Kf4 51. Kg1 Kf3 52. h3
Qc2 53. Kf1 Qc1# 0-1

[Event "ICS rated blitz match"]
[Site "204.178.125.65"]
[Date "2000.03.27"]
[Round "?"]
[White "Hossa"]
[Black "Tinker"]
[Result "0-1"]
[WhiteElo "2472"]
[BlackElo "2410"]
[PlyCount "96"]

1. e4 e5 2. Nf3 Nc6 3. Nc3 d6 4. Bb5 Bd7 5. d4 exd4 6. Nxd4 Nxd4 7. Bxd7+ Qxd7
8. Qxd4 Ne7 9. Be3 Nc6 10. Qd5 O-O-O 11. O-O-O Re8 12. Qb5 g6 13. Nd5 Bg7 14.
f3 f5 15. exf5 gxf5 16. Rde1 Rhg8 17. Kb1 Be5 18. g3 Re6 19. Qd3 Ree8 20. Rhg1
Bh8 21. Qb5 Ne5 22. Qe2 Qc6 23. Qd1 Nc4 24. Bc1 Kb8 25. b3 Nb6 26. Nxb6 Qc3 27.
Nd7+ Ka8 28. Re5 Bxe5 29. Nxe5 dxe5 30. Bb2 Qc6 31. Re1 e4 32. Re3 Rd8 33. Qc1
exf3 34. Rc3 Qe4 35. Ba1 f2 36. Re3 Qg4 37. Rd3 Rxd3 38. cxd3 Qe2 39. Bb2 Qxd3+
40. Qc2 f1=Q+ 41. Bc1 f4 42. a3 Qxc2+ 43. Kxc2 fxg3 44. hxg3 Rxg3 45. Kb2 Qe2+
46. Ka1 Rg2 47. Bd2 Rg1+ 48. Be1 Rxe1# 0-1

[Event "ICS rated standard match"]
[Site "204.178.125.65"]
[Date "2000.03.27"]
[Round "?"]
[White "bob-marley"]
[Black "Hossa"]
[Result "0-1"]
[WhiteElo "1969"]
[BlackElo "2269"]
[PlyCount "50"]

1. e3 e5 2. b3 Nf6 3. Nc3 d5 4. Bb2 Be7 5. Nge2 Nc6 6. d4 exd4 7. exd4 O-O 8.
Qd2 Bf5 9. f3 Re8 10. O-O-O Nb4 11. Kb1 Bxc2+ 12. Ka1 Bxd1 13. Nxd1 c5 14. a3
Nc6 15. Ka2 cxd4 16. Nxd4 Nxd4 17. Qxd4 Qc7 18. g4 Qc6 19. Be2 Bxa3 20. Bxa3
Rxe2+ 21. Nb2 b6 22. h3 a5 23. b4 axb4 24. Qxb4 Re3 25. Kb1 Rexa3 0-1

[Event "ICS rated bullet match"]
[Site "204.178.125.65"]
[Date "2000.03.27"]
[Round "?"]
[White "Hossa"]
[Black "KyFats"]
[Result "0-1"]
[WhiteElo "2448"]
[BlackElo "2271"]
[PlyCount "104"]

1. e4 e5 2. Nf3 Nc6 3. Bb5 a6 4. Ba4 Nf6 5. O-O Be7 6. Re1 b5 7. Bb3 d6 8. c3
O-O 9. h3 Na5 10. Bc2 c5 11. d4 Qc7 12. Nbd2 cxd4 13. cxd4 Nc6 14. Nb3 a5 15.
Be3 a4 16. Nbd2 Nb4 17. Bb1 Bd7 18. Qc1 Qxc1 19. Rxc1 exd4 20. Nxd4 Rac8 21.
Rd1 Na6 22. Bd3 Nc5 23. Bxb5 Bxb5 24. Nxb5 Nfxe4 25. Bxc5 Rxc5 26. Nxe4 Rxb5
27. Rab1 Rfb8 28. Nxd6 Rxb2 29. Rxb2 Rxb2 30. Nc8 Bf8 31. Rd8 f6 32. Ne7+ Kf7
33. Nc6 Rxa2 34. Rd7+ Ke6 35. Rd1 Bc5 36. Nd8+ Ke5 37. Nc6+ Ke4 38. Re1+ Kf4
39. Rc1 Bxf2+ 40. Kh2 Bg3+ 41. Kh1 a3 42. Rc4+ Kf5 43. Rc1 Rb2 44. Nd4+ Ke4 45.
Nc2 a2 46. Na3 Re2 47. Nc2 Rxc2 48. Rd1 Rb2 49. Re1+ Bxe1 50. Kh2 Bh4 51. Kg1
Bg3 52. h4 a1=Q# 0-1

[Event "ICS rated blitz match"]
[Site "204.178.125.65"]
[Date "2000.03.27"]
[Round "?"]
[White "QueenMaxima"]
[Black "Hossa"]
[Result "0-1"]
[WhiteElo "2480"]
[BlackElo "2453"]
[PlyCount "58"]

1. e4 e5 2. Nf3 Nc6 3. Bb5 a6 4. Ba4 Nf6 5. O-O Be7 6. Re1 b5 7. Bb3 d6 8. c3
O-O 9. h3 Na5 10. Bc2 c5 11. d4 Qc7 12. Nbd2 Nc6 13. d5 Nd8 14. a4 Ra7 15. Qe2
Bd7 16. Qe3 Nh5 17. b4 cxb4 18. cxb4 Rb7 19. axb5 Qxc2 20. bxa6 Rb8 21. Qa7 Qc8
22. b5 Ra8 23. Qb6 Nf4 24. Ba3 Bxh3 25. Bxd6 Bxg2 26. Bxe7 Qh3 27. Nh2 Bxe4 28.
Qg6 hxg6 29. Bxd8 Qg2# 0-1

[Event "ICS rated bullet match"]
[Site "204.178.125.65"]
[Date "2000.03.27"]
[Round "?"]
[White "Tinker"]
[Black "Hossa"]
[Result "0-1"]
[WhiteElo "2360"]
[BlackElo "2424"]
[PlyCount "140"]

1. e4 e5 2. Nf3 Nc6 3. Nc3 Nf6 4. Bb5 Nd4 5. Bc4 Bc5 6. Nxe5 Qe7 7. Nxf7 Rf8 8.
e5 d5 9. Nxd5 Nxd5 10. Bxd5 Rxf7 11. Bxf7+ Kxf7 12. c3 Qxe5+ 13. Kf1 Nc6 14. d4
Qd5 15. Qb3 Qxb3 16. axb3 Bd6 17. Bg5 Be6 18. b4 Re8 19. b5 Bc4+ 20. Kg1 Bxb5
21. d5 Ne7 22. Bxe7 Rxe7 23. b3 Be5 24. g3 Bd3 25. Rxa7 Bxc3 26. h3 Re1+ 27.
Kh2 Rxh1+ 28. Kxh1 Be4+ 29. Kg1 Bxd5 30. Ra8 Ke7 31. Ra2 b5 32. Ra7 Kd7 33. b4
Bxb4 34. Ra1 Kc8 35. Rd1 Be6 36. Rd4 c5 37. Rh4 Bg8 38. Rh5 Kb7 39. Rg5 g6 40.
Re5 Ka6 41. Re8 Bd5 42. Rh8 h5 43. Rd8 Bf3 44. Rd6+ Ka5 45. Rxg6 Bc3 46. Rg5
Bd4 47. Kf1 Kb4 48. Rf5 Bd1 49. Ke1 Bb3 50. Rxh5 Bc4 51. h4 Kb3 52. f4 Kc3 53.
g4 Bd3 54. f5 b4 55. f6 b3 56. Rh8 Bxf6 57. Rb8 Bxh4+ 58. Kd1 b2 59. Rxb2 Kxb2
60. Kd2 c4 61. Ke3 c3 62. Kxd3 c2 63. Kd4 c1=Q 64. Kd5 Qd1+ 65. Ke4 Qxg4+ 66.
Kd5 Qg6 67. Ke5 Kc3 68. Kd5 Bg3 69. Kc5 Qa6 70. Kd5 Qc4# 0-1

[Event "ICS rated blitz match"]
[Site "204.178.125.65"]
[Date "2000.03.27"]
[Round "?"]
[White "Tinker"]
[Black "Hossa"]
[Result "0-1"]
[WhiteElo "2429"]
[BlackElo "2470"]
[PlyCount "208"]

1. e4 e5 2. Nf3 Nc6 3. d4 exd4 4. Nxd4 Nf6 5. Nxc6 bxc6 6. Qe2 Bb4+ 7. Nd2 O-O
8. c3 Be7 9. e5 Nd5 10. Qe4 f5 11. Qe2 Re8 12. Nf3 Rb8 13. h4 d6 14. c4 Nf6 15.
Nd4 Rb6 16. e6 d5 17. a3 c5 18. Nxf5 Rxe6 19. Be3 d4 20. O-O-O Re5 21. Nxg7 Bg4
22. f3 Rxe3 23. Nxe8 Rxe2 24. Nxf6+ Bxf6 25. Bxe2 Be6 26. Bd3 Bxh4 27. f4 Qf6
28. Rdf1 Bg3 29. Bxh7+ Kf8 30. f5 Bxc4 31. Rfg1 Qg5+ 32. Kb1 Bf2 33. Rc1 Qxg2
34. Bg6 Be3 35. Rce1 Bd3+ 36. Ka1 Qf2 37. Rh8+ Kg7 38. Rh7+ Kf6 39. Rf7+ Ke5
40. Rh1 Be4 41. Re7+ Kf4 42. Rxe4+ Kxe4 43. f6+ Kd5 44. f7 Kd6 45. Rh8 Qf1+ 46.
Ka2 Qc4+ 47. Kb1 Qc1+ 48. Ka2 Bh6 49. f8=Q+ Bxf8 50. Rxf8 Qg1 51. Bd3 Qe3 52.
Bc4 Qc1 53. Kb3 a5 54. a4 Qd1+ 55. Ka3 Qe1 56. Ka2 Kc6 57. Rf6+ Kb7 58. Ba6+
Kb8 59. Bc4 Qe8 60. Kb3 Qe4 61. Rf7 Qe3+ 62. Kc2 Qg1 63. b3 Qg2+ 64. Kc1 Kb7
65. Bd3 Qd5 66. Bc4 Qg5+ 67. Kc2 Qg1 68. Bd5+ Kb6 69. Rf6+ Ka7 70. Bc4 Qg2+ 71.
Kd3 Kb7 72. Ba6+ Kb8 73. Bc4 Ka7 74. Re6 c6 75. Re2 Qg6+ 76. Kd2 Qb1 77. Re6
Kb6 78. Bd5 Qb2+ 79. Kd3 Qc3+ 80. Ke4 Qe3+ 81. Kf5 Qh3+ 82. Kg5 Ka7 83. Rxc6
Qd7 84. Be4 d3 85. Rg6 d2 86. Bc2 d1=Q 87. Bxd1 Qxd1 88. Rg7+ Kb8 89. Rg8+ Kc7
90. Rg7+ Kd6 91. Ra7 Kc6 92. Ra8 Kb7 93. Rf8 Qxb3 94. Rf5 Qg3+ 95. Kh5 Qh3+ 96.
Kg5 Qxf5+ 97. Kxf5 Kc7 98. Kf4 Kd6 99. Ke4 Ke6 100. Kd3 Kd5 101. Kc3 c4 102.
Kd2 Kd4 103. Kc2 c3 104. Kc1 Kc4 0-1

[Event "ICS rated blitz match"]
[Site "204.178.125.65"]
[Date "2000.03.27"]
[Round "?"]
[White "Hossa"]
[Black "RedBear"]
[Result "0-1"]
[WhiteElo "2484"]
[BlackElo "2592"]
[PlyCount "158"]

1. e4 e5 2. Nf3 Nc6 3. Nc3 Nf6 4. Nxe5 Nxe5 5. d4 Ng6 6. e5 Ng8 7. Bc4 d5 8.
Bxd5 c6 9. Be4 Be6 10. f4 f5 11. d5 Bb4 12. O-O Bxc3 13. bxc3 cxd5 14. Bf3 Qb6+
15. Qd4 Qxd4+ 16. cxd4 Rc8 17. Rb1 b6 18. Rf2 Rc4 19. Be3 Kf7 20. Rc1 Nh6 21.
Be2 Ra4 22. Ra1 Rc8 23. Bd1 Ke7 24. Rf1 Rac4 25. Rf2 Bd7 26. Rc1 Ra4 27. Ra1
Rc3 28. Bc1 Be8 29. g3 Nf7 30. Bb2 Rcc4 31. Bh5 Rc8 32. h3 Bb5 33. Kh2 Ke6 34.
Kg2 Ne7 35. Rd2 g6 36. Bf3 g5 37. Kf2 gxf4 38. gxf4 Ng6 39. Ke3 Nh4 40. Bd1 Rg8
41. Rh2 Rb4 42. Rb1 Rg1 43. Rd2 Rh1 44. Rf2 Rxh3+ 45. Kd2 Ra4 46. Ra1 Rh1 47.
c3 Ra5 48. a3 Bc4 49. a4 Rg1 50. Bc1 Nh6 51. Rh2 Rg2+ 52. Rxg2 Nxg2 53. Bf3 Nh4
54. Bd1 Ng6 55. Ra3 Ng4 56. Ke1 h5 57. Be2 h4 58. Bxc4 dxc4 59. Ra2 b5 60. Rg2
Rxa4 61. Rb2 h3 62. d5+ Kxd5 63. Rd2+ Ke4 64. Rd4+ Kf3 65. Rd7 Ra1 66. Rh7
Rxc1+ 67. Kd2 Rh1 68. Kc2 Nxf4 69. Kb2 h2 70. e6 Re1 71. e7 Kg2 72. e8=R Rxe8
73. Rxh2+ Nxh2 74. Kc2 Re2+ 75. Kd1 Nf1 76. Kc1 Nd3+ 77. Kb1 Nd2+ 78. Ka2 Re6
79. Ka3 Ra6# 0-1

[Event "ICS rated standard match"]
[Site "204.178.125.65"]
[Date "2000.03.27"]
[Round "?"]
[White "Tinker"]
[Black "Hossa"]
[Result "0-1"]
[WhiteElo "2324"]
[BlackElo "2268"]
[PlyCount "234"]

1. e4 e5 2. Nf3 Nc6 3. Nc3 Nf6 4. Bc4 Bb4 5. Ng5 O-O 6. a3 Bxc3 7. dxc3 h6 8.
h4 d6 9. Bxf7+ Rxf7 10. Nxf7 Kxf7 11. f3 h5 12. Qd3 Be6 13. Bg5 Kg8 14. O-O-O
Qf8 15. Qb5 Rb8 16. Qd3 Qf7 17. Bxf6 Qxf6 18. Qe3 b5 19. Qg5 Qxg5+ 20. hxg5 g6
21. Kd2 Nd8 22. Ke3 Nf7 23. f4 exf4+ 24. Kxf4 Ne5 25. Kg3 Nc4 26. Rb1 Rf8 27.
Rhf1 Rxf1 28. Rxf1 Nxb2 29. Rb1 Na4 30. Rxb5 Nc5 31. Kf4 Kg7 32. Ke3 Bc4 33.
Rb8 a6 34. a4 Kf7 35. g3 Ke7 36. a5 Ne6 37. Rg8 Kf7 38. Rb8 Nxg5 39. Rb4 Bf1
40. Rb7 Ne6 41. Kf2 Bb5 42. Ra7 g5 43. Ke3 Kf6 44. Ra8 Kg7 45. Kf3 h4 46. gxh4
gxh4 47. Kg4 Kf6 48. Kxh4 Ke5 49. Rh8 Bc6 50. Rh5+ Kxe4 51. Rh6 Kf5 52. Kg3 Ng5
53. c4 Ba4 54. Rh2 Bd7 55. Rh5 Be8 56. Rh4 Ke5 57. Kg4 Ne4 58. Kf3 Bg6 59. Rh6
Ng5+ 60. Kg4 Kf6 61. Rh2 Ne4 62. Kf4 Nc5 63. Rd2 Nb7 64. c3 Nxa5 65. Ra2 Nxc4
66. Rxa6 Be8 67. Ra7 c6 68. Ra8 Bf7 69. Rb8 Ke6 70. Rb7 d5 71. Rc7 Be8 72. Ra7
Kd6 73. Ra6 Bg6 74. Ra7 Bb1 75. Ra8 Bd3 76. Rh8 Be4 77. Rh6+ Kc7 78. Rh3 c5 79.
Rh6 Nd6 80. Rh5 Kd7 81. Rh6 Ke7 82. Rh5 Nc4 83. Rh6 Kd7 84. Rh2 Bb1 85. Rh5 Nb6
86. Ke5 Kc6 87. Rh1 Nc4+ 88. Kf4 Bd3 89. Rh3 Be4 90. Rh2 Kb7 91. Rf2 Kc7 92.
Ra2 Kb6 93. Ra1 Bc2 94. Rc1 Ba4 95. Ra1 Bd7 96. Rd1 Kc6 97. Rh1 Be6 98. Rd1 Kd6
99. Kg5 Bc8 100. Kf4 Bh3 101. Rd3 Bg4 102. Rg3 Bd7 103. Rd3 Be6 104. Rd1 Kc6
105. Re1 Kd6 106. Rd1 Na3 107. Ra1 Nb5 108. Ra6+ Ke7 109. Ke5 Bd7 110. Ra5 Bc6
111. Rxb5 Bxb5 112. Kxd5 c4 113. Kc5 Ba6 114. Kd5 Kf6 115. Kd6 Kf5 116. Kd5 Kf4
117. Kd4 Kf3 0-1

[Event "ICS rated bullet match"]
[Site "204.178.125.65"]
[Date "2000.03.27"]
[Round "?"]
[White "Mofongo"]
[Black "Hossa"]
[Result "0-1"]
[WhiteElo "2426"]
[BlackElo "2453"]
[PlyCount "118"]

1. d4 d5 2. c4 e6 3. Nc3 Nf6 4. cxd5 exd5 5. Bg5 Be7 6. e3 O-O 7. Bd3 c6 8. Qc2
Nbd7 9. Nf3 Kh8 10. O-O Kg8 11. Rfc1 g6 12. Qb3 Re8 13. h3 Nh5 14. Bh6 Bf8 15.
Bxf8 Nxf8 16. Rc2 Ne6 17. Rac1 Nf6 18. Qb4 a5 19. Qa3 Kh8 20. Ne5 Rf8 21. Qb3
Kg8 22. Na4 Re8 23. Nb6 Rb8 24. Rc3 Nd7 25. Nbxd7 Bxd7 26. Qa3 Bc8 27. Rb3 Ra8
28. Qa4 f6 29. Ng4 b5 30. Qa3 Ra6 31. Nh2 f5 32. Nf3 f4 33. Bc2 b4 34. Qa4 c5
35. Bxg6 Bd7 36. Bf7+ Kh8 37. Qxd7 Qxd7 38. Ne5 Qa4 39. Bxe8 Qxe8 40. dxc5 Nxc5
41. Rxc5 Qxe5 42. a3 bxa3 43. bxa3 fxe3 44. Rxe3 Qa1+ 45. Kh2 Qa2 46. Re7 Ra8
47. Rcc7 Qxf2 48. Rxh7+ Kg8 49. Rcg7+ Kf8 50. Rg3 Qb2 51. Rd7 Qe5 52. Rb7 d4
53. Rbb3 Rb8 54. Kg1 Qe1+ 55. Kh2 Rxb3 56. Rxb3 Qf2 57. Rg3 Qf4 58. h4 Qxh4+
59. Rh3 Qxh3+ 0-1

[Event "ICS rated bullet match"]
[Site "204.178.125.65"]
[Date "2000.03.27"]
[Round "?"]
[White "Hossa"]
[Black "Mofongo"]
[Result "1-0"]
[WhiteElo "2468"]
[BlackElo "2411"]
[PlyCount "85"]

1. e4 e5 2. Nf3 Nc6 3. Nc3 Nf6 4. Nxe5 Nxe5 5. d4 Nc6 6. d5 Ne5 7. f4 Ng6 8. e5
Ng8 9. d6 cxd6 10. exd6 Qf6 11. Nb5 Kd8 12. Be3 Qxb2 13. Bd4 Qb4+ 14. c3 Qb2
15. Rb1 Qxa2 16. g3 b6 17. Be2 Bb7 18. O-O f6 19. c4 a6 20. Bxb6+ Ke8 21. Nc7+
Kf7 22. Bf3 Bxf3 23. Qxf3 Nxf4 24. Qxa8 Ne2+ 25. Kh1 Nh6 26. Qd5+ Kg6 27. Qd3+
Kf7 28. Rf2 Bxd6 29. Rxe2 Qa3 30. Qd5+ Kg6 31. Re8 Rxe8 32. Nxe8 Be5 33. Bc5
Qc3 34. Rf1 Qc2 35. Qxd7 Qe4+ 36. Kg1 Nf5 37. Rxf5 Qxf5 38. Qxg7+ Kh5 39. Qb7
Kg4 40. Ng7 Qc2 41. Bf2 Qg6 42. Kg2 Qd3 43. h3+ 1-0

[Event "ICS rated bullet match"]
[Site "204.178.125.65"]
[Date "2000.03.27"]
[Round "?"]
[White "Mofongo"]
[Black "Hossa"]
[Result "1-0"]
[WhiteElo "2398"]
[BlackElo "2481"]
[PlyCount "97"]

1. e4 c5 2. Nf3 e6 3. d4 cxd4 4. Nxd4 Nf6 5. Nc3 d6 6. Be2 a6 7. O-O Be7 8. f4
O-O 9. Be3 Nbd7 10. Bf3 Kh8 11. Nde2 a5 12. Nb5 Ra6 13. Nec3 Rg8 14. a3 Nc5 15.
e5 Ne8 16. exd6 Bxd6 17. Qd4 Nd7 18. Rfd1 Qe7 19. Na7 Nef6 20. Nxc8 Rxc8 21.
Bxb7 Bc5 22. Qd2 Bxe3+ 23. Qxe3 Rxc3 24. Qxc3 Rb6 25. Bf3 Rb8 26. Rd4 e5 27.
Rc4 exf4 28. Re1 Qf8 29. Bc6 f3 30. Bxf3 Nb6 31. Rd4 Nbd7 32. Ra4 Rc8 33. Qxa5
Rxc2 34. Qb4 Qg8 35. Bb7 Nb8 36. Ra8 Nfd7 37. Rd1 Ne5 38. Qe7 Ned7 39. Rxd7
Rc1+ 40. Kf2 Rc8 41. Bxc8 Nxd7 42. Qxd7 h5 43. Bb7 Qxa8 44. Bxa8 Kg8 45. Qe8+
Kh7 46. Be4+ Kh6 47. Qxf7 Kg5 48. Qf5+ Kh4 49. Qf4# 1-0

[Event "ICS rated bullet match"]
[Site "204.178.125.65"]
[Date "2000.03.27"]
[Round "?"]
[White "Hossa"]
[Black "Mofongo"]
[Result "1-0"]
[WhiteElo "2461"]
[BlackElo "2418"]
[PlyCount "103"]

1. e4 e5 2. Nf3 Nc6 3. Nc3 Nf6 4. Nxe5 Nxe5 5. d4 Nc6 6. d5 Ne5 7. f4 Ng6 8. e5
Ng8 9. d6 cxd6 10. exd6 Qh4+ 11. g3 Qf6 12. Nb5 Kd8 13. Be3 Qxb2 14. Bd4 Qb4+
15. c3 Qa5 16. Qb3 Nh6 17. Bd3 Qa6 18. Qd5 Ng4 19. Nc7 Qxd3 20. Bf6+ Nxf6 21.
Qxd3 Rb8 22. O-O b5 23. Nxb5 Ba6 24. a4 Ne8 25. Qe3 Bxb5 26. Rfe1 Bxd6 27. axb5
Rxb5 28. Kh1 Bb8 29. c4 Rb6 30. f5 Ne5 31. c5 Rb5 32. Qd4 f6 33. Rad1 d6 34.
Re2 Ke7 35. cxd6+ Nxd6 36. Qa4 Rc5 37. Qb4 Rhc8 38. Qh4 h6 39. Qf4 Kf8 40. Rb2
Nec4 41. Rxb8 Rxb8 42. Rxd6 Rb1+ 43. Kg2 Rb2+ 44. Kh3 Ne5 45. Qe4 Rcc2 46. Qa8+
Ke7 47. Re6+ Kd7 48. Qxa7+ Kd8 49. Qe7+ Kc8 50. Qf8+ Kc7 51. Qd6+ Kb7 52. Re7+
1-0

[Event "ICS rated bullet match"]
[Site "204.178.125.65"]
[Date "2000.03.27"]
[Round "?"]
[White "Mofongo"]
[Black "Hossa"]
[Result "0-1"]
[WhiteElo "2404"]
[BlackElo "2475"]
[PlyCount "74"]

1. e4 e5 2. Nf3 Nc6 3. Bb5 a6 4. Ba4 Nf6 5. O-O Be7 6. Re1 b5 7. Bb3 O-O 8. c3
d5 9. exd5 Nxd5 10. Nxe5 Nxe5 11. Rxe5 c6 12. d4 Bd6 13. Re1 Qh4 14. g3 Qh3 15.
Be3 Bg4 16. Qd3 Rae8 17. Nd2 Re6 18. a4 f5 19. Qf1 Qh5 20. f4 bxa4 21. Rxa4
Rfe8 22. Qf2 g5 23. Rxa6 gxf4 24. gxf4 Kh8 25. Bxd5 cxd5 26. Nf1 Rg8 27. Ng3
Bf3 28. Ra8 Reg6 29. Rxg8+ Rxg8 30. Ra1 Qg4 31. Qd2 Qh3 32. Rc1 Rxg3+ 33. hxg3
Qxg3+ 34. Kf1 Be7 35. Qf2 Qh3+ 36. Ke1 Bh4 37. Kd2 Bxf2 0-1